[Event "4NCL/Div1/BRI1-GUI1"]
[Site "Birmingham ENG"]
[Date "2002.??.??"]
[Round "9.7"]
[White "Collier, David O"]
[Black "Coates, Kenneth G"]
[Result "1-0"]
[WhiteElo "2255"]
[BlackElo "2188"]
[PlyCount "49"]
[EventDate "2002.??.??"]
[SourceDate "2001.01.01"]

1. d4 Nf6 2. Bg5 e6 3. e3 c5 4. Nf3 b6 5. c4 Bb7 6. d5 h6 7. Bxf6 Qxf6 8. Nc3
e5 9. Bd3 d6 10. Qa4+ Nd7 11. O-O g6 12. Nd2 a6 13. f4 O-O-O 14. Rae1 Qe7 15.
f5 g5 16. Nde4 f6 17. a3 h5 18. b4 g4 19. Rb1 Bh6 20. Rfe1 Rh7 21. bxc5 Nxc5
22. Nxc5 bxc5 23. Ne4 Rf7 24. Rb6 Qc7 25. Rxd6 1-0

[Event "4NCL/Div1/BRI1-GUI1"]
[Site "Birmingham ENG"]
[Date "2002.??.??"]
[Round "9.8"]
[White "Norman, Dinah"]
[Black "Buckley, Melanie"]
[Result "0-1"]
[WhiteElo "2032"]
[BlackElo "2150"]
[PlyCount "54"]
[EventDate "2002.??.??"]
[SourceDate "2001.01.01"]

1. d4 Nf6 2. Nf3 e6 3. Bg5 h6 4. Bxf6 Qxf6 5. e3 d5 6. Bd3 c5 7. c3 Nc6 8. Nbd2
Bd6 9. dxc5 Bxc5 10. O-O O-O 11. Qe2 Bb6 12. Rad1 e5 13. e4 d4 14. c4 Bg4 15.
a3 a5 16. Rc1 Bc5 17. Qd1 Nd8 18. Qc2 Ne6 19. Ne1 Nf4 20. Ndf3 Rfd8 21. Rb1 a4
22. Rc1 Rd6 23. Qd2 Rb6 24. Rc2 Rb3 25. Kh1 Bxf3 26. gxf3 Nxd3 27. Nxd3 Qxf3+
0-1

[Event "4NCL/Div1/GUI1-BARB2"]
[Site "Birmingham ENG"]
[Date "2002.??.??"]
[Round "10.1"]
[White "Rowson, Jonathan"]
[Black "Crouch, Colin S"]
[Result "1-0"]
[WhiteElo "2527"]
[BlackElo "2365"]
[PlyCount "121"]
[EventDate "2002.??.??"]
[SourceDate "2001.01.01"]

1. e4 Nf6 2. e5 Nd5 3. d4 d6 4. Nf3 Bg4 5. Be2 c6 6. c4 Nc7 7. O-O Bxf3 8. exd6
Bxe2 9. dxc7 Bxd1 10. cxd8=Q+ Kxd8 11. Rxd1 Nd7 12. Nc3 g6 13. b4 Bg7 14. b5
Rc8 15. c5 b6 16. a4 bxc5 17. dxc5 cxb5 18. axb5 Bxc3 19. Rxa7 Rc7 20. Ra8+ Rc8
21. Ra3 Bb4 22. Rad3 Bxc5 23. Rxd7+ Ke8 24. Be3 Bxe3 25. fxe3 f6 26. b6 Rc1 27.
Rxe7+ Kxe7 28. Rxc1 Kd6 29. g4 Rb8 30. Rf1 Ke5 31. Rb1 Kd5 32. Kg2 Kc5 33. b7
Kc6 34. Rf1 Rxb7 35. Rxf6+ Kd5 36. Rf8 Ke5 37. Re8+ Kf6 38. h4 h6 39. Ra8 Kg7
40. Kf3 Rf7+ 41. Kg3 Re7 42. Kf3 Rf7+ 43. Ke2 Rb7 44. Ra4 Rb1 45. Kf3 Rh1 46.
g5 hxg5 47. hxg5 Rh3+ 48. Ke2 Rg3 49. Ra5 Kf7 50. Re5 Rg1 51. Kf3 Ra1 52. Kf4
Rf1+ 53. Ke4 Ra1 54. Rc5 Rg1 55. Kf4 Ke6 56. Rc6+ Kf7 57. Rc7+ Kf8 58. e4 Rg2
59. Ke5 Ra2 60. Kd6 Ra6+ 61. Rc6 1-0

[Event "4NCL/Div1/GUI1-BARB2"]
[Site "Birmingham ENG"]
[Date "2002.??.??"]
[Round "10.2"]
[White "Collinson, Adam"]
[Black "Conquest, Stuart C"]
[Result "1/2-1/2"]
[WhiteElo "2391"]
[BlackElo "2582"]
[PlyCount "96"]
[EventDate "2002.??.??"]
[SourceDate "2001.01.01"]

1. e4 g6 2. d4 Bg7 3. Nf3 d6 4. c3 Nf6 5. Bd3 O-O 6. O-O Nc6 7. Na3 a6 8. Nc2
Nh5 9. Re1 e5 10. dxe5 dxe5 11. Ne3 Bd7 12. b3 Qc8 13. Ba3 Rd8 14. Qc2 Nf4 15.
Bf1 Na7 16. Rad1 Nb5 17. Bb2 Nd6 18. c4 f6 19. c5 Nf7 20. g3 Nh3+ 21. Kh1 Kh8
22. Bg2 Be6 23. Nd5 Re8 24. Bc1 Rb8 25. Be3 Bg4 26. Rc1 c6 27. Nb6 Qc7 28. Nd2
Rbd8 29. f3 Be6 30. Ndc4 h5 31. Rcd1 h4 32. Rxd8 Rxd8 33. Rd1 Kh7 34. Rxd8 Qxd8
35. Qd2 Qe7 36. Nd6 Nhg5 37. f4 h3 38. Bf1 exf4 39. gxf4 Nxe4 40. Nxe4 Bd5 41.
Nxd5 Qxe4+ 42. Kg1 cxd5 43. Bxh3 Nh6 44. Bg2 Qb1+ 45. Qc1 Qxa2 46. Bxd5 Ng4 47.
Qd2 Qb1+ 48. Kg2 Nxe3+ 1/2-1/2

[Event "4NCL/Div1/GUI1-BARB2"]
[Site "Birmingham ENG"]
[Date "2002.??.??"]
[Round "10.3"]
[White "Kosten, Anthony C"]
[Black "Duncan, Christopher R"]
[Result "1-0"]
[WhiteElo "2536"]
[BlackElo "2336"]
[PlyCount "85"]
[EventDate "2002.??.??"]
[SourceDate "2001.01.01"]

1. c4 e5 2. g3 Nf6 3. Bg2 Nc6 4. Nc3 Bc5 5. a3 Bd4 6. Nd5 d6 7. e3 Bb6 8. Ne2
Bf5 9. d3 O-O 10. O-O Re8 11. e4 Be6 12. Nxb6 axb6 13. h3 h6 14. f4 Qe7 15. b3
Nd4 16. Nxd4 exd4 17. Ra2 Bd7 18. g4 b5 19. Raf2 Nh7 20. cxb5 Bxb5 21. g5 hxg5
22. fxg5 Rf8 23. h4 Bd7 24. a4 Rab8 25. b4 Be6 26. Qd2 Bg4 27. Qf4 Bh5 28. Qg3
Qd7 29. a5 Qg4 30. Kh2 Qxg3+ 31. Kxg3 Rfe8 32. Rc2 c5 33. b5 Nf8 34. Bf4 Red8
35. e5 Ne6 36. exd6 Nxf4 37. Rxf4 Rxd6 38. Rxc5 Rd7 39. b6 Be2 40. Be4 Rbd8 41.
Rf2 Bd1 42. Rb2 Kf8 43. Rc7 1-0

[Event "4NCL/Div1/GUI1-BARB2"]
[Site "Birmingham ENG"]
[Date "2002.??.??"]
[Round "10.4"]
[White "Berry, Neil"]
[Black "Plaskett, Jim"]
[Result "1/2-1/2"]
[WhiteElo "2265"]
[BlackElo "2462"]
[PlyCount "127"]
[EventDate "2002.??.??"]
[SourceDate "2001.01.01"]

1. Nf3 b6 2. e4 Bb7 3. Nc3 e6 4. d4 Bb4 5. Bd3 Nf6 6. Bg5 h6 7. Bxf6 Qxf6 8.
O-O Bxc3 9. bxc3 d6 10. Nd2 e5 11. f4 exd4 12. e5 dxe5 13. fxe5 Qg5 14. Nf3
Bxf3 15. Qxf3 Qe3+ 16. Qxe3 dxe3 17. Bc4 Nd7 18. Bxf7+ Ke7 19. Rae1 Rhf8 20. e6
Nc5 21. Rxe3 Rad8 22. Rg3 g5 23. Re1 Rd2 24. h4 Rfd8 25. hxg5 Rd1 26. Rxd1
Rxd1+ 27. Kh2 Ne4 28. g6 Nxg3 29. g7 Nf1+ 30. Kg1 Ne3+ 31. Kf2 Ng4+ 32. Ke2 Rd8
33. g8=Q Rxg8 34. Bxg8 Nf6 35. Bf7 Nd5 36. Kd2 Nf4 37. g3 Nxe6 38. Bh5 Kd6 39.
Kd3 Ke5 40. Ke3 Nc5 41. Bg6 Na4 42. Kd3 a5 43. Kc4 c6 44. Be8 b5+ 45. Kd3 Nc5+
46. Ke3 Ne4 47. Bxc6 Nxc3 48. Kd3 b4 49. Kc4 Nxa2 50. Kb5 Kd4 51. Kxa5 Kc5 52.
Be4 Nc3 53. Bd3 Nd1 54. Be2 Nc3 55. Bd3 Nd1 56. Be2 Ne3 57. Bd3 Nc4+ 58. Bxc4
Kxc4 59. g4 Kc3 60. Ka4 Kc4 61. Ka5 Kc3 62. Ka4 Kc4 63. Ka5 Kc3 64. Ka4 1/2-1/2

[Event "4NCL/Div1/GUI1-BARB2"]
[Site "Birmingham ENG"]
[Date "2002.??.??"]
[Round "10.5"]
[White "Gormally, Daniel W"]
[Black "Dishman, Stephen"]
[Result "1-0"]
[WhiteElo "2514"]
[BlackElo "2323"]
[PlyCount "59"]
[EventDate "2002.??.??"]
[SourceDate "2001.01.01"]

1. e4 c5 2. Nc3 Nc6 3. Bb5 Nd4 4. Bc4 e6 5. Nf3 a6 6. Nxd4 cxd4 7. Ne2 b5 8.
Bb3 Bb7 9. d3 Bc5 10. c3 dxc3 11. bxc3 Nf6 12. O-O O-O 13. Ng3 Rc8 14. Bd2 d5
15. e5 Nd7 16. d4 Ba3 17. Qg4 f5 18. exf6 Qxf6 19. Rae1 Rfe8 20. Bc2 g6 21. h4
Nf8 22. Nh5 Qf7 23. Re3 Kh8 24. Nf4 Bd6 25. Rf3 Qg7 26. h5 gxh5 27. Qxh5 Re7
28. Nh3 Ng6 29. Bh6 Qg8 30. Bg5 1-0

[Event "4NCL/Div1/GUI1-BARB2"]
[Site "Birmingham ENG"]
[Date "2002.??.??"]
[Round "10.6"]
[White "Trent, Lawrence"]
[Black "Matros, Alexander"]
[Result "1/2-1/2"]
[WhiteElo "2219"]
[BlackElo "2455"]
[PlyCount "67"]
[EventDate "2002.??.??"]
[SourceDate "2001.01.01"]

1. d4 d5 2. Bg5 h6 3. Bh4 c6 4. e3 Qb6 5. Qc1 e5 6. Nf3 exd4 7. exd4 Be7 8.
Bxe7 Nxe7 9. Bd3 O-O 10. O-O Bf5 11. Bxf5 Nxf5 12. c3 Re8 13. Qc2 Nd6 14. Nbd2
Nd7 15. Rfe1 Qc7 16. Qd3 Rad8 17. Rxe8+ {(=)} Rxe8 18. Re1 Rxe1+ 19. Nxe1 Qd8
20. Qe2 Kf8 21. Nd3 Qe8 22. Qxe8+ Kxe8 23. Kf1 Ke7 24. Ke2 g5 25. Nf3 f6 26. h4
Ne4 27. g4 Ke6 28. h5 f5 29. Nfe5 Nxe5 30. Nxe5 fxg4 31. Nxg4 Nf6 32. Nxh6 Nxh5
33. b3 Nf6 34. f3 1/2-1/2

[Event "4NCL/Div1/GUI1-BARB2"]
[Site "Birmingham ENG"]
[Date "2002.??.??"]
[Round "10.7"]
[White "Benitah, Yohan"]
[Black "Coleman, David J"]
[Result "1-0"]
[WhiteElo "2325"]
[BlackElo "2234"]
[PlyCount "99"]
[EventDate "2002.??.??"]
[SourceDate "2001.01.01"]

1. d4 Nf6 2. c4 g6 3. Nc3 Bg7 4. e4 d6 5. f3 b6 6. Bg5 h6 7. Be3 c5 8. d5 a6 9.
a4 Ra7 10. Nge2 Nbd7 11. Ng3 h5 12. Be2 Ne5 13. O-O h4 14. Nh1 Qc7 15. h3 e6
16. f4 Ned7 17. Qe1 e5 18. f5 Ng8 19. fxg6 fxg6 20. Bg4 Ndf6 21. Bxc8 Qxc8 22.
Bg5 Nh5 23. Qxh4 Nf4 24. Qg3 Rf7 25. Rf3 Nf6 26. Bxf4 exf4 27. Qxf4 O-O 28.
Qxd6 Ng4 29. hxg4 Bd4+ 30. Kh2 Rh7+ 31. Rh3 Rf6 32. Qg3 Qe8 33. Qd3 Be5+ 34. g3
Qf7 35. Rxh7 Qxh7+ 36. Kg2 g5 37. Nf2 Rxf2+ 38. Kxf2 Qh2+ 39. Ke1 Qg1+ 40. Qf1
Qe3+ 41. Ne2 Bxb2 42. Qf2 Bc3+ 43. Kf1 Qxf2+ 44. Kxf2 Bxa1 45. Ng1 Kf7 46. Nf3
Kf6 47. Ke3 Bc3 48. Kd3 Bb2 49. Kd2 Ba1 50. d6 1-0

[Event "4NCL/Div1/BRI1-WG2"]
[Site "Birmingham ENG"]
[Date "2002.??.??"]
[Round "10.1"]
[White "Ansell, Simon"]
[Black "Littlewood, Paul E"]
[Result "1/2-1/2"]
[WhiteElo "2396"]
[BlackElo "2403"]
[PlyCount "63"]
[EventDate "2002.??.??"]
[SourceDate "2001.01.01"]

1. e4 c5 2. Nf3 e6 3. d3 Nc6 4. g3 g6 5. Bg5 Qc7 6. Bg2 Bg7 7. c3 Nge7 8. O-O
O-O 9. d4 d6 10. Na3 h6 11. Be3 cxd4 12. Nxd4 a6 13. Nxc6 bxc6 14. Nc4 d5 15.
Nb6 Rb8 16. Nxc8 Rfxc8 17. Qe2 Qa5 18. Rfd1 Qb5 19. Rd2 Qxe2 20. Rxe2 a5 21.
Bc5 Bf8 22. Rd1 dxe4 23. Bxe4 Nd5 24. Bd4 Bg7 25. Bxg7 Kxg7 26. Rd4 Nb6 27. Rd6
c5 28. b3 c4 29. Bc6 cxb3 30. axb3 a4 31. Bxa4 Rxc3 32. Rd4 1/2-1/2

[Event "4NCL/Div1/BRI1-WG2"]
[Site "Birmingham ENG"]
[Date "2002.??.??"]
[Round "10.2"]
[White "Martin, Andrew D"]
[Black "Burgess, Graham K"]
[Result "1/2-1/2"]
[WhiteElo "2443"]
[BlackElo "2301"]
[PlyCount "39"]
[EventDate "2002.??.??"]
[SourceDate "2001.01.01"]

1. d4 d5 2. Bg5 h6 3. Bh4 c6 4. e3 Qb6 5. Qc1 e5 6. Nf3 e4 7. Nfd2 Be7 8. Bg3
Nf6 9. c4 O-O 10. Nc3 Be6 11. c5 Qd8 12. b4 Nbd7 13. Be2 Bg4 14. Qd1 Bxe2 15.
Qxe2 Ne8 16. Nb3 f5 17. f3 Bh4 18. Bxh4 Qxh4+ 19. g3 exf3 20. Qxf3 1/2-1/2

[Event "4NCL/Div1/BRI1-WG2"]
[Site "Birmingham ENG"]
[Date "2002.??.??"]
[Round "10.3"]
[White "Sherwin, James T"]
[Black "Levitt, Jonathan P"]
[Result "1/2-1/2"]
[WhiteElo "2339"]
[BlackElo "2412"]
[PlyCount "34"]
[EventDate "2002.??.??"]
[SourceDate "2001.01.01"]

1. d4 Nf6 2. c4 e6 3. Nf3 b6 4. a3 Bb7 5. Nc3 d5 6. Bg5 Be7 7. e3 O-O 8. Bd3
dxc4 9. Bxc4 Ne4 10. Bxe7 Qxe7 11. Nxe4 Bxe4 12. Rc1 Nd7 13. O-O c5 14. Bb5
Rfd8 15. Qe2 a6 16. Bxd7 Rxd7 17. Rfd1 Bxf3 1/2-1/2

[Event "4NCL/Div1/BRI1-WG2"]
[Site "Birmingham ENG"]
[Date "2002.??.??"]
[Round "10.4"]
[White "Sowray, Peter J"]
[Black "Cobb, Charles"]
[Result "1/2-1/2"]
[WhiteElo "2312"]
[BlackElo "2297"]
[PlyCount "39"]
[EventDate "2002.??.??"]
[SourceDate "2001.01.01"]

1. c4 e6 2. g3 d5 3. Bg2 dxc4 4. Nf3 Nd7 5. Qa4 a6 6. Qxc4 c5 7. O-O Ngf6 8. d4
b5 9. Qd3 Bb7 10. dxc5 Bxc5 11. Be3 O-O 12. Bxc5 Nxc5 13. Qe3 Rc8 14. Nbd2 Na4
15. Qb3 Qb6 16. Ne5 Bxg2 17. Kxg2 Qd4 18. Nd3 h6 19. Rac1 Rfd8 20. Rc2 1/2-1/2

[Event "4NCL/Div1/BRI1-WG2"]
[Site "Birmingham ENG"]
[Date "2002.??.??"]
[Round "10.5"]
[White "Beaumont, Chris"]
[Black "Tiller, Bjorn"]
[Result "1-0"]
[WhiteElo "2300"]
[BlackElo "2383"]
[PlyCount "67"]
[EventDate "2002.??.??"]
[SourceDate "2001.01.01"]

1. Nf3 g6 2. d4 Bg7 3. e4 d6 4. Nc3 a6 5. Be3 b5 6. Bd3 Nd7 7. a4 b4 8. Ne2 c5
9. c3 bxc3 10. bxc3 cxd4 11. cxd4 Ngf6 12. O-O O-O 13. Ng3 Ng4 14. Bd2 Rb8 15.
Rb1 Rxb1 16. Qxb1 e5 17. h3 Ngf6 18. Bb4 Ne8 {(=)} 19. dxe5 Nxe5 20. Nxe5 Bxe5
21. f4 Bd4+ 22. Kh2 Qb6 23. a5 Qa7 24. e5 dxe5 25. Bxf8 Kxf8 26. f5 Kg7 27. Qc1
Bb7 28. fxg6 hxg6 29. Qg5 Bd5 30. Bxg6 fxg6 31. Nf5+ Kh7 32. Qh6+ Kg8 33. Qxg6+
Ng7 34. Nh6+ 1-0

[Event "4NCL/Div1/BRI1-WG2"]
[Site "Birmingham ENG"]
[Date "2002.??.??"]
[Round "10.6"]
[White "Law, Andrew P"]
[Black "Collier, David O"]
[Result "1-0"]
[WhiteElo "2302"]
[BlackElo "2255"]
[PlyCount "72"]
[EventDate "2002.??.??"]
[SourceDate "2001.01.01"]

1. Nf3 Nf6 2. c4 e6 3. Nc3 Bb4 4. Qc2 c5 5. a3 Bxc3 6. Qxc3 Nc6 7. e3 d6 8. Be2
e5 9. O-O Bg4 10. d3 a5 11. h3 Bh5 12. b3 O-O 13. Bb2 Ne8 14. Rae1 Bg6 15. Nd2
f5 16. f4 Qe7 17. Bf3 e4 18. dxe4 fxe4 19. Bd1 h5 20. Bc2 Bf5 21. Nb1 Rf6 22.
Qd2 Rg6 23. Nc3 Rd8 24. Qd5+ Qe6 25. Bxe4 Qxd5 26. Bxd5+ Kf8 27. Rf2 Nf6 28.
Kh2 Ke7 29. e4 Bc8 30. e5 Ng4+ 31. hxg4 hxg4 32. exd6+ Kf8 33. Ne4 Bf5 34. Ng3
Bd7 35. f5 Rxd6 36. f6 Nd4 1-0

[Event "4NCL/Div1/BRI1-WG2"]
[Site "Birmingham ENG"]
[Date "2002.??.??"]
[Round "10.7"]
[White "McFarland, Robert S"]
[Black "Tan, Desmond"]
[Result "1/2-1/2"]
[WhiteElo "2280"]
[BlackElo "2281"]
[PlyCount "37"]
[EventDate "2002.??.??"]
[SourceDate "2001.01.01"]

1. Nf3 Nf6 2. g3 c5 3. Bg2 Nc6 4. O-O g6 5. b3 Bg7 6. Bb2 O-O 7. c4 d6 8. d3
Bd7 9. Nbd2 a6 10. a3 Rb8 11. Qc2 Qc8 12. Rfc1 h6 13. d4 cxd4 14. Nxd4 Nxd4 15.
Bxd4 Bc6 16. e4 Qe6 17. Re1 Nd7 18. Nf3 Ne5 19. Nxe5 1/2-1/2

[Event "4NCL/Div1/TWR-BARB1"]
[Site "Birmingham ENG"]
[Date "2002.??.??"]
[Round "10.1"]
[White "Arkell, Keith C"]
[Black "Parker, Jonathan"]
[Result "1/2-1/2"]
[WhiteElo "2478"]
[BlackElo "2532"]
[PlyCount "38"]
[EventDate "2002.??.??"]
[SourceDate "2001.01.01"]

1. d4 Nf6 2. c4 g6 3. Nc3 d5 4. cxd5 Nxd5 5. Nf3 Bg7 6. g3 O-O 7. Bg2 c5 8. O-O
Nc6 9. Nxd5 Qxd5 10. Be3 cxd4 11. Nxd4 Qa5 12. Nxc6 bxc6 13. Bd2 Qa6 14. Bc3
Bxc3 15. bxc3 Bg4 16. Re1 Rad8 17. Qc1 Be6 18. Qe3 Rd6 19. Qc5 Qb6 1/2-1/2

[Event "4NCL/Div1/TWR-BARB1"]
[Site "Birmingham ENG"]
[Date "2002.??.??"]
[Round "10.3"]
[White "Dunnington, Angus J"]
[Black "Knott, Simon"]
[Result "1/2-1/2"]
[WhiteElo "2382"]
[BlackElo "2370"]
[PlyCount "71"]
[EventDate "2002.??.??"]
[SourceDate "2001.01.01"]

1. Nf3 Nf6 2. g3 g6 3. b3 Bg7 4. Bb2 O-O 5. Bg2 d6 6. d4 c5 7. O-O cxd4 8. Nxd4
d5 9. c4 dxc4 10. bxc4 Nfd7 11. e3 Nc5 12. Nc3 Bd7 13. Rb1 Nba6 14. Qe2 Re8 15.
Rfd1 Qc8 16. Ndb5 Bg4 17. f3 Be6 18. Nd5 Bxb2 19. Qxb2 Na4 20. Qa3 Qxc4 21.
Nxe7+ Kg7 22. Nd6 Qc5 23. Nxe8+ Rxe8 24. Qxa4 Qxe3+ 25. Kh1 Rxe7 26. a3 h5 27.
Qd4+ Qxd4 28. Rxd4 Nc5 29. Re1 b6 30. Bh3 Rc7 31. Bxe6 Nxe6 32. Rd3 Kf6 33. Re2
h4 34. Kg2 hxg3 35. hxg3 Rc4 36. Red2 1/2-1/2

[Event "4NCL/Div1/TWR-BARB1"]
[Site "Birmingham ENG"]
[Date "2002.??.??"]
[Round "10.4"]
[White "Palliser, Richard"]
[Black "Gayson, Peter M"]
[Result "1-0"]
[WhiteElo "2443"]
[BlackElo "2281"]
[PlyCount "67"]
[EventDate "2002.??.??"]
[SourceDate "2001.01.01"]

1. d4 f5 2. Bg5 Nc6 3. Nc3 d6 4. e4 fxe4 5. Nxe4 Bf5 6. Ng3 Qd7 7. Bb5 d5 8.
Nf3 Bg4 9. O-O O-O-O 10. Re1 h6 11. Bf4 e6 12. h3 Bxf3 13. Qxf3 Nf6 14. Re3 Bd6
15. Rc3 Bxf4 16. Qxf4 Qd6 17. Qe3 Ne7 18. Bd3 Rhe8 19. Re1 Nc6 20. Bb5 e5 21.
Rxc6 bxc6 22. Ba6+ Kd7 23. dxe5 Qe6 24. Bd3 Ne4 25. Nxe4 dxe4 26. Qxe4 Rf8 27.
Bc4 Qf5 28. Qd4+ Ke8 29. Qc5 Rd2 30. Rf1 Qe4 31. Bd3 Qd5 32. Bg6+ Rf7 33. Qxd5
cxd5 34. e6 1-0

[Event "4NCL/Div1/TWR-BARB1"]
[Site "Birmingham ENG"]
[Date "2002.??.??"]
[Round "10.5"]
[White "Burnett, James"]
[Black "Ferguson, Mark"]
[Result "1/2-1/2"]
[WhiteElo "2218"]
[BlackElo "2376"]
[PlyCount "34"]
[EventDate "2002.??.??"]
[SourceDate "2001.01.01"]

1. d4 d5 2. c4 c6 3. Nf3 Nf6 4. Nc3 dxc4 5. a4 Bf5 6. Ne5 Nbd7 7. Nxc4 Qc7 8.
g3 e5 9. dxe5 Nxe5 10. Bf4 Nfd7 11. Nxe5 Nxe5 12. Qd4 Bd6 13. Bg2 Qe7 14. O-O
O-O 15. a5 a6 16. Ne4 Bxe4 17. Qxe4 Rad8 1/2-1/2

[Event "4NCL/Div1/TWR-BARB1"]
[Site "Birmingham ENG"]
[Date "2002.??.??"]
[Round "10.6"]
[White "Rogers, Jonathan W"]
[Black "Buckley, Simon T"]
[Result "1/2-1/2"]
[WhiteElo "2346"]
[BlackElo "2243"]
[PlyCount "27"]
[EventDate "2002.??.??"]
[SourceDate "2001.01.01"]

1. e4 e6 2. d4 d5 3. exd5 exd5 4. Nf3 Bd6 5. c4 c6 6. Nc3 Ne7 7. Be2 O-O 8. O-O
Be6 9. Qb3 Qd7 10. Re1 dxc4 11. Bxc4 Bxc4 12. Qxc4 Nd5 13. Bd2 Na6 14. Nxd5
1/2-1/2

[Event "4NCL/Div1/TWR-BARB1"]
[Site "Birmingham ENG"]
[Date "2002.??.??"]
[Round "10.7"]
[White "Barrett, Steve J"]
[Black "Webster, Andrew"]
[Result "0-1"]
[WhiteElo "2199"]
[BlackElo "2413"]
[PlyCount "58"]
[EventDate "2002.??.??"]
[SourceDate "2001.01.01"]

1. d4 Nf6 2. c4 Nc6 3. Nf3 e6 4. Nc3 Bb4 5. g3 d6 6. Bg2 e5 7. O-O Bxc3 8. bxc3
O-O 9. c5 e4 10. Ne1 dxc5 11. Ba3 Re8 12. Bxc5 b6 13. Ba3 Na5 14. f3 Nc4 15.
Bc1 e3 16. Qd3 Ba6 17. Nc2 c5 18. f4 Rc8 19. d5 Qd7 20. a4 Rcd8 21. Rd1 Qc8 22.
Ne1 Nb2 23. Qc2 Nxd1 24. Qxd1 Bc4 25. Qc2 Bxd5 26. Bxd5 Rxd5 27. Nf3 Qh3 28. c4
Rh5 29. Bb2 Ng4 $138 0-1

[Event "4NCL/Div1/TWR-BARB1"]
[Site "Birmingham ENG"]
[Date "2002.??.??"]
[Round "10.8"]
[White "Regan, Natasha"]
[Black "Keeling, Karen"]
[Result "1/2-1/2"]
[WhiteElo "2185"]
[BlackElo "2038"]
[PlyCount "53"]
[EventDate "2002.??.??"]
[SourceDate "2001.01.01"]

1. e4 c6 2. d4 d5 3. e5 c5 4. dxc5 Nc6 5. Nf3 Bg4 6. Bb5 e6 7. Be3 Qa5+ 8. Nc3
Nge7 9. a3 Qc7 10. h3 Bxf3 11. Qxf3 Qxe5 12. O-O-O Qf5 13. Qe2 O-O-O 14. f4 d4
15. Bd3 Qxc5 16. Ne4 Qb6 17. Ng5 Nd5 18. Bd2 Bxa3 19. Bb5 Bxb2+ 20. Kxb2 Rd7
21. Ka1 Nc3 22. Bxc3 dxc3 23. Qc4 a6 24. Rxd7 axb5 25. Qxc3 Kxd7 26. Rd1+ Ke7
27. Qxg7 1/2-1/2

[Event "4NCL/Div1/BG2-WG1"]
[Site "Birmingham ENG"]
[Date "2002.??.??"]
[Round "10.3"]
[White "Moskovic, David M"]
[Black "Short, Nigel D"]
[Result "0-1"]
[WhiteElo "2250"]
[BlackElo "2673"]
[PlyCount "73"]
[EventDate "2002.??.??"]
[SourceDate "2001.01.01"]

1. e4 e6 2. d4 d5 3. exd5 exd5 4. Bd3 c5 5. Nf3 Nc6 6. dxc5 Bxc5 7. O-O Nf6 8.
Nc3 O-O 9. Bg5 Be6 10. Qd2 Re8 11. Rad1 h6 12. Bh4 a6 13. Ne2 Be7 14. Nfd4 Bd7
15. Nf5 Bxf5 16. Bxf5 Ne4 17. Bxe4 dxe4 18. Qf4 Qb6 19. Bxe7 Rxe7 20. b3 Rae8
21. Ng3 Qc5 22. Rd2 Qe5 23. Qxe5 Rxe5 24. Rd7 b5 25. c3 Rc5 26. Ne2 Ne5 27. Rd6
a5 28. Rc1 Nd3 29. Rc2 f5 30. Kf1 a4 31. Nc1 Nf4 32. Rb2 a3 33. Rbd2 Rxc3 34.
Ne2 Rd3 35. R6xd3 Nxd3 36. Nd4 Rc8 37. Rd1 0-1

[Event "4NCL/Div1/BG2-WG1"]
[Site "Birmingham ENG"]
[Date "2002.??.??"]
[Round "10.5"]
[White "Friedgood, David"]
[Black "Baburin, Alexander"]
[Result "0-1"]
[WhiteElo "2224"]
[BlackElo "2565"]
[PlyCount "66"]
[EventDate "2002.??.??"]
[SourceDate "2001.01.01"]

1. c4 e6 2. Nf3 d5 3. g3 Nf6 4. Bg2 Be7 5. O-O O-O 6. b3 d4 7. e3 c5 8. exd4
cxd4 9. d3 Nc6 10. Re1 Nd7 11. Na3 e5 12. Nc2 a5 13. Rb1 Rb8 14. a3 b5 15. Nd2
Qc7 16. Ne4 bxc4 17. dxc4 Nc5 18. Nxc5 Bxc5 19. Bd2 d3 20. Ne3 Bxa3 21. Nd5 Qd6
22. Bc3 Bf5 23. Be4 Bxe4 24. Rxe4 f5 25. Rh4 e4 26. f3 Rbe8 27. fxe4 fxe4 28.
Kh1 Bb4 29. Ba1 Rf7 30. Qc1 e3 31. Nxe3 d2 32. Qc2 Qg6 33. Qxg6 hxg6 0-1

[Event "4NCL/Div1/BG2-WG1"]
[Site "Birmingham ENG"]
[Date "2002.??.??"]
[Round "10.6"]
[White "Ward, Christopher"]
[Black "Snape, Ian"]
[Result "1-0"]
[WhiteElo "2500"]
[BlackElo "2185"]
[PlyCount "91"]
[EventDate "2002.??.??"]
[SourceDate "2001.01.01"]

1. d4 Nf6 2. c4 g6 3. Nc3 Bg7 4. e4 d6 5. f3 O-O 6. Nge2 c5 7. d5 e6 8. Ng3
exd5 9. cxd5 Nh5 10. Nxh5 gxh5 11. Bf4 f5 12. Qd2 Qf6 13. Bg5 Qg6 14. Bd3 fxe4
15. Bxe4 Bf5 16. O-O Nd7 17. Rae1 Ne5 18. Bf4 Bxe4 19. Rxe4 Rae8 20. Kh1 a6 21.
a4 b6 22. Qe2 c4 23. Bxe5 Bxe5 24. Qxc4 Bxc3 25. Rxe8 Qxe8 26. bxc3 b5 27. Qh4
Rf5 28. axb5 axb5 29. Re1 Re5 30. Qg3+ Kf8 31. Qf4+ Qf7 32. Qh6+ Ke8 33. Rxe5+
dxe5 34. Qc6+ Qd7 35. Qc5 Kf7 36. Kg1 h4 37. Kf2 Qf5 38. Qc7+ Kf6 39. Qd8+ Kf7
40. Qxh4 Qc2+ 41. Kg3 Qxc3 42. Qxh7+ Kf6 43. d6 Qd4 44. Qe7+ Kf5 45. h4 Qd5 46.
d7 1-0

[Event "4NCL/Div1/BG2-WG1"]
[Site "Birmingham ENG"]
[Date "2002.??.??"]
[Round "10.7"]
[White "Bellin, Jana"]
[Black "Emms, John M"]
[Result "0-1"]
[WhiteElo "2203"]
[BlackElo "2537"]
[PlyCount "126"]
[EventDate "2002.??.??"]
[SourceDate "2001.01.01"]

1. d4 Nf6 2. Nf3 e6 3. c4 c5 4. e3 d5 5. Nc3 Nc6 6. a3 cxd4 7. exd4 Be7 8. Bd3
dxc4 9. Bxc4 O-O 10. O-O b6 11. Bf4 Na5 12. Ba2 Ba6 13. Re1 Bc4 14. Bxc4 Nxc4
15. Qe2 Rc8 16. Rac1 Nd5 17. Nxd5 Qxd5 18. Ne5 Nd6 19. Nf3 Nc4 20. Ne5 b5 21.
Nxc4 Rxc4 22. Rxc4 bxc4 23. Be5 Rc8 24. Qg4 f6 25. Bf4 Kf7 26. Bd2 Rb8 27. Bc3
h5 28. Qe2 Bd6 29. h4 Rh8 30. Qc2 Rh6 31. Qe4 Rg6 32. Qxd5 exd5 33. g3 Rg4 34.
Kg2 f5 35. Kf3 f4 36. Rg1 Kf6 37. a4 Kf5 38. Rg2 Be7 39. Rh2 Bf6 40. Rg2 a6 41.
a5 Ke6 42. Rg1 fxg3 43. fxg3 Bxd4 44. Re1+ Kd6 45. Re8 Bxc3 46. bxc3 d4 47.
cxd4 Rxd4 48. Ra8 Kc7 49. Ra7+ Kc6 50. Rxa6+ Kb5 51. Ra8 Rd3+ 52. Ke2 Rd6 53.
Rc8 Kb4 54. Rc7 g6 55. Rc8 c3 56. Rc7 Kb3 57. Rb7+ Ka3 58. Rb6 c2 59. Rxd6 c1=Q
60. Rd3+ Kb4 61. Rf3 Qb2+ 62. Kf1 Qa2 63. Kg1 Kc4 0-1

[Event "4NCL/Div1/BG2-WG1"]
[Site "Birmingham ENG"]
[Date "2002.??.??"]
[Round "10.8"]
[White "Hunt, Harriet"]
[Black "Anderton, David W"]
[Result "1/2-1/2"]
[WhiteElo "2415"]
[BlackElo "2230"]
[PlyCount "100"]
[EventDate "2002.??.??"]
[SourceDate "2001.01.01"]

1. e4 e6 2. d4 d5 3. Nd2 Nf6 4. e5 Nfd7 5. c3 c5 6. Bd3 Nc6 7. Ne2 cxd4 8. cxd4
f6 9. exf6 Qxf6 10. Nf3 h6 11. Bf4 Bb4+ 12. Kf1 O-O 13. Bc2 Rf7 14. Qd3 g5 15.
Bg3 e5 16. Qg6+ Qxg6 17. Bxg6 Rf6 18. Bc2 e4 19. Ne5 Ndxe5 {(=)} 20. dxe5 Rf7
21. h4 Kg7 22. hxg5 hxg5 23. Rh5 Kg6 24. Rh8 Kg7 25. Re8 Rf8 26. Rxf8 Kxf8 27.
a3 Ba5 28. Rd1 Be6 29. f4 exf3 30. gxf3 Ke7 31. Nd4 Nxd4 32. Rxd4 Rc8 33. Bg6
Rc1+ 34. Kg2 Bb6 35. Rd2 Be3 36. Re2 d4 37. Bf2 Bxf2 38. Kxf2 Bc4 39. Rd2 Ke6
40. Rxd4 Kxe5 41. Rg4 Kf6 42. Be4 b5 43. Rg2 Rh1 44. Ke3 Rd1 45. Rh2 Ke5 46.
Rh7 Re1+ 47. Kd2 Re2+ 48. Kc3 Re3+ 49. Kd2 Re2+ 50. Kc3 Re3+ 1/2-1/2

[Event "4NCL/Div1/MM-SLO1"]
[Site "Birmingham ENG"]
[Date "2002.??.??"]
[Round "10.1"]
[White "Hunt, Adam C"]
[Black "Wells, Peter K"]
[Result "1/2-1/2"]
[WhiteElo "2365"]
[BlackElo "2499"]
[PlyCount "63"]
[EventDate "2002.??.??"]
[SourceDate "2001.01.01"]

1. e4 c5 2. Nf3 Nc6 3. d4 cxd4 4. Nxd4 Nf6 5. Nc3 d6 6. Be2 g6 7. Be3 Bg7 8.
Nb3 O-O 9. O-O Be6 10. f4 Qc8 11. Kh1 Bg4 12. a3 Bxe2 13. Qxe2 Ng4 14. Bg1 Bxc3
15. bxc3 f5 16. exf5 Qxf5 17. Nd4 Nxd4 18. Bxd4 Rf7 19. Rab1 b6 20. Rb5 Qd7 21.
Rg5 e5 22. Rxg4 exd4 23. cxd4 Re8 24. Qf3 d5 25. h3 Qf5 26. c3 h6 27. Qg3 Kh7
28. Re1 Re4 29. Rxe4 Qxe4 30. Kh2 Re7 {(=)} 31. Rh4 Rf7 32. Rg4 1/2-1/2